000 00672nam a2200241Ia 4500
005 20260121112834.0
008 9206 260114s9999 xx 000 0 eng d
020 _a9789812810199
037 _aEBOOK
040 _aCRL
_beng
_cCRL
041 _aeng
_2eng
084 _qCRL
100 _aKirillov A N, Tsuchiya A & Umemura H
_9964035
245 0 _aPhysics and Combinatorics, Procs of Nagoya 1999 Intl Wkshp
260 _bWorld Scientific
260 _bWSPC
260 _c2001
650 _aMathematics
_9964036
856 _uhttps://www.worldscientific.com/worldscibooks/10.1142/4662#t=toc
942 _cEBOOK
999 _c1546506
_d1546506